000 00504nam a2200181Ia 4500
005 20250508154648.0
008 008 250505s9999 xx 000 0 eng d
037 _aTextual
040 _aFEDL
_beng
_cFEDL
041 _aeng
_2eng
084 _a370.193, MUS
_qFEDL
100 _aMusgrove F.
_993242
245 0 _aFamily, education and society
260 _aLondon, UK
_bRoutledge and Kegan Paul
_c1966
300 _a156p.
942 _cTEXL
_h370.193, MUS
999 _c1351462
_d1351462